LEADER 01429nam--2200397---450- 001 990002387640203316 005 20090730115409.0 010 $a88-387-2576-4 035 $a000238764 035 $aUSA01000238764 035 $a(ALEPH)000238764USA01 035 $a000238764 100 $a20050201d2004----km-y0itaa50------ba 101 0 $aita 102 $aIT 105 $ay|||z|||001yy 200 1 $a<> liquidazione delle società$easpetti giuridici, contabili e fiscali$etabelle, esemplificazioni e formule, massimario della giurisprudenza, scadenzario degli adempimenti$eaggiornato con la riforma del diritto societario e l'introduzione dell'IRES$fRenato Dammacco, Salvatore Dammacco 205 $a4. ed 210 $aRimini$cMaggioli$d2004 215 $a310 p.$d24 cm 225 2 $aPuntolinea$iSocietario$v37 410 0$12001$aPuntolinea$iSocietario$v37 606 0 $aSocietà commerciali$xLegislazione 676 $a346.450662 700 1$aDAMMACCO,$bRenato$0116279 701 1$aDAMMACCO,$bSalvatore$0117177 801 0$aIT$bsalbc$gISBD 912 $a990002387640203316 951 $aXXV.3.E 421 (IG II 726 B)$b44613 G.$cXXV.3.E 421 (IG II)$d00123823 959 $aBK 969 $aGIU 979 $aACQUISTI$b10$c20050201$lUSA01$h1708 979 $aRENATO$b90$c20050331$lUSA01$h1300 979 $aRSIAV2$b90$c20090730$lUSA01$h1154 996 $aLiquidazione delle società$91030301 997 $aUNISA LEADER 04792nam 22006615 450 001 9910557282003321 005 20200229105050.0 010 $a9783110662979 010 $a3110662973 024 7 $a10.2478/9783110662979 035 $a(CKB)4100000008166105 035 $a(DE-B1597)522932 035 $a(OCoLC)1100433979 035 $a(DE-B1597)9783110662979 035 $a(MiAaPQ)EBC6637712 035 $a(Au-PeEL)EBL6637712 035 $a(OCoLC)1281981784 035 $a(oapen)https://directory.doabooks.org/handle/20.500.12854/69865 035 $a(Perlego)1646223 035 $a(EXLCZ)994100000008166105 100 $a20200229h20192019 fg 101 0 $aeng 135 $aur||||||||||| 181 $ctxt$2rdacontent 182 $cc$2rdamedia 183 $acr$2rdacarrier 200 14$aThe Hirsch Institute of Tropical Medicine $eAsella, Äthiopien /$fDieter Häussinger 205 $a1st ed. 210 $cDe Gruyter$d2019 210 1$aDüsseldorf : $cdüsseldorf university press, $d[2019] 210 4$d©2019 215 $a1 online resource (86 p.) 311 08$a9783110662962 311 08$a3110662965 327 $tFrontmatter -- $tTable of Contents -- $tList of Abbreviations -- $tPreface -- $tThe Origins of the Institute -- $tAsella, Life at the Edge of the Great Rift Valley -- $tBuilding and Furnishing the HITM -- $tResearch Projects -- $tCooperation Projects with Other Institutes and Universities -- $tRecognition from the Ethiopian Ministry of Science and Technology -- $tOther Activities -- $tThe Founding of Arsi University -- $tPerspectives -- $tReferences: Publications of the Hirsch Institute of Tropical Medicine (up to 09/2018) -- $tFurther Information 330 $aIn 2013, the Hirsch Institute of Tropical Medicine (HITM) was officially inaugurated as a branch of the Department of Gastroenterology, Hepatology, and Infectious Diseases at Heinrich Heine University Düsseldorf under the direction of Professor Dieter Häussinger. The HITM serves as a place of scientific medical knowledge transfer, postgraduate medical training, and of conducting scientific projects relating to tropical medicine and infectious diseases. The publication relates the past activities of the institute, its history, and perspectives. Moreover, it permits a look behind the scenes during the construction of the institute in Africa and describes the living conditions and impressions of the staff. Dieter Häussinger, Director of the HITM and the Department of Gastroenterology, Hepatology, and Infectious Diseases and Professor of Internal Medicine at Heinrich Heine University Düsseldorf, focuses on the areas of clinical and experimental hepatology and gastroenterology, he is committed to the expansion and further development of the field of infectious diseases. He encouraged the certification of his department as a Center of Infectious Diseases, the addition of a tropical medicine and an infectious diseases outpatient clinic, the building of the Liver and Infectious Diseases Center, which houses the only treatment unit in North Rhine-Westphalia for highly infectious patients, and the founding of the Hirsch Institute of Tropical Medicine. 606 $aTropical Medicine, Infection Medicine, Medical Faculty of Adama Science and Technology University, Asella Teaching Hospital, Etiology of Chronic Liver Disease, Chronic Liver Diseases, Ensemble pour une Solidarité Thérapeutique Hospitalière En Réseau, ESTHER-Initiative 606 $achronic liver diseases 606 $ainfectiology 606 $ainfectious diseases 606 $aresearch in high prevalence country 606 $atropical medicine 606 $aMEDICAL / General$2bisacsh 610 $aTropical Medicine, Infection Medicine, Medical Faculty of Adama Science and Technology University, Asella Teaching Hospital, Etiology of Chronic Liver Disease, Chronic Liver Diseases, Ensemble pour une Solidarité Thérapeutique Hospitalière En Réseau, ESTHER-Initiative. 615 4$aTropical Medicine, Infection Medicine, Medical Faculty of Adama Science and Technology University, Asella Teaching Hospital, Etiology of Chronic Liver Disease, Chronic Liver Diseases, Ensemble pour une Solidarité Thérapeutique Hospitalière En Réseau, ESTHER-Initiative. 615 4$achronic liver diseases. 615 4$ainfectiology. 615 4$ainfectious diseases. 615 4$aresearch in high prevalence country. 615 4$atropical medicine. 615 7$aMEDICAL / General. 700 $aHäussinger$b Dieter, $4aut$4http://id.loc.gov/vocabulary/relators/aut$092464 801 0$bDE-B1597 801 1$bDE-B1597 906 $aBOOK 912 $a9910557282003321 996 $aThe Hirsch Institute of Tropical Medicine$92559306 997 $aUNINA